| 000 | | | 06172cmc2a2200397 x 450 |
| 001 | | | 819cb7dd079c421e98d6e87d806823a9 |
| 005 | | | 20150730122217.0 |
| 035 | ## | $a | 819cb7dd079c421e98d6e87d806823a9 |
| 100 | ## | $a | 20130923l19081909ky0rusy010189 |
| 101 | 0# | $a | rus |
| 102 | ## | $a | RU |
| 122 | 2# | $a | d19080515## |
| | $a | d19090109## |
| 200 | 1# | $a | По ходатайству китайского принца Шиси Фун Инджангвин Лухвина о вознаграждении его за принадлежавшее ему имущество, уничтоженное в Мукдене во время русско-японской войны |
| | $j | 15 мая 1908 г. - 9 января 1909 г. |
| 251 | ## | $c | Дело |
| 215 | ## | $a | 16 листов |
| 225 | 0# | $a | Фонд Совета министров |
| | $h | Опись № 4 1908 год |
| 300 | ## | $a | Оригинальный заголовок дела: По ходатайству китайского принца Шиси Фун Инджангвин Лухвина о вознаграждении его за уничтоженное во время русско-японской войны, его имущество : апрель 1908 г. |
| 300 | ## | $a | Машинописный текст |
| 324 | ## | $a | Пленка |
| 517 | 1# | $a | По ходатайству китайского принца Шиси Фун Инджангвин Лухвина о вознаграждении его за уничтоженное во время русско-японской войны, его имущество |
| | $e | апрель 1908 г. |
| 605 | ## | $2 | acquisition_Prlib |
| | $3 | DITM\AF\0000002775 |
| | $a | Власть |
| | $l | коллекция |
| 605 | ## | $2 | acquisition_Prlib |
| | $3 | DITM\AF\0000003834 |
| | $a | Народ |
| | $l | коллекция |
| 605 | ## | $2 | acquisition_Prlib |
| | $3 | LIBNET\UAF\0000059244 |
| | $a | Русско-японская война 1904-1905 гг. |
| | $l | коллекция |
| 606 | 1# | $2 | prlib_sh |
| | $3 | LIBNET\UAF\0000059639 |
| | $a | Русско-японская война |
| | $z | 1904 - 1905 |
| | $x | Экономические последствия |
| | $j | Документы и материалы |
| 606 | 1# | $2 | prlib_sh |
| | $3 | LIBNET\UAF\0000059684 |
| | $a | Мукденское сражение |
| | $z | 1905 |
| | $j | Документы и материалы |
| 607 | ## | $2 | prlib_sh |
| | $3 | LIBNET\UAF\0000059737 |
| | $a | Россия |
| | $x | Взаимоотношения |
| | $y | Китай |
| | $z | нач. 20 в. |
| | $j | Документы и материалы |
| 607 | ## | $2 | prlib_sh |
| | $3 | LIBNET\UAF\0000059738 |
| | $a | Китай |
| | $x | Взаимоотношения |
| | $y | Россия |
| | $z | нач. 20 в. |
| | $j | Документы и материалы |
| 686 | ## | $a | 63.3(2)531-68ю1 |
| | $v | LBC/M |
| | $2 | rubbk |
| 801 | #0 | $a | RU |
| | $b | РГИА |
| | $c | 20130923 |
| 801 | #1 | $a | RU |
| | $b | ГлавНИВЦ |
| | $c | 20130923 |
| | $2 | rusmarc |
| 801 | #2 | $a | RU |
| | $b | ПБ им. Б.Н. Ельцина |
| | $c | 20150715 |
| | $g | RCR |
| | $2 | rusmarc |
| 850 | ## | $a | eедеральное казенное учреждение "Российский государственный исторический архив" |
| 852 | ## | $a | РГИА |
| | $j | 573 |
| 937 | ## | $d | 35404988 |
| | $h | РГИА |
| 461 | #0 | $1 | 001c7912e80-a322-4844-9992-beca65726c82 |
| | $1 | 2001 |
| | $a | Совет министров (1905-1917) |
| | $1 | 251 |
| | $c | Фонд |
| | $1 | 852 |
| | $j | 1276 |
| 462 | #0 | $1 | 00128effbc8-45a8-4844-a30d-fda4587ad6d6 |
| | $1 | 2001 |
| | $a | 1908 г. |
| | $v | Д. 573 |
| | $1 | 251 |
| | $c | Опись |
| | $1 | 852 |
| | $j | 4 |